000 00444nam a2200169Ia 4500
001 27347
003 IN-NITTTR
005 20251114233341.0
008 251113s9999||||xx |||||||||||||| ||eng||
040 _beng
040 _cIN-NITTTR
041 _aeng
082 _a020 V829
245 0 _aVistas of information management :
_b professor H. R. Chopra felicitation volume /
_cRao, P. Venkata, ed
700 _aRao, P. Venkata
942 _2ddc
_cBK
999 _c29975
_d29975